000 00218nam a2200097Ia 4500
008 170619s9999 xx 000 0 und d
100 _aGem Collins
245 0 _aGerman Dictionary
260 _bWilliam Collins
260 _c2000
546 _aENGLISH
999 _c16434
_d16434